Accounting Theory : Essays by Carl Thomas Devine /

Compilación de ocho ensayos de uno de los principales teóricos de la contabilidad del siglo XX, Carl Thomas Devine. Los principales temas que aborda son los aspectos éticos de la profesión; la importancia de la hermenéutica y la deconstrucción para comprender la práctica contable; el análisis de la...

وصف كامل

محفوظ في:
التفاصيل البيبلوغرافية
المؤلف الرئيسي: Devine, Carl Thomas (autor)
التنسيق: كتاب
اللغة:الإنجليزية
منشور في: Londres, Inglaterra : Routledge, 2004, c2004
سلاسل:(Routledge New Works in Accounting History ; 3)
الموضوعات:
الوسوم: إضافة وسم
لا توجد وسوم, كن أول من يضع وسما على هذه التسجيلة!

MARC

LEADER 00000nam^a2200000^a^4500
001 000184738
005 20250521000000.0
005 20250521000000.0
009 20260310102126.763
020 |a 0-415-30988-3 
037 |a Acervo ITESO - Biblioteca 
041 |a ING 
082 |a 657. 01  |b DEV 
100 |a Devine, Carl Thomas  |e (autor) 
245 1 0 |a Accounting Theory :  |b Essays by Carl Thomas Devine /  |c C.T. Devine ; ed. de Harvey S. Hendrickson, Paul F. Williams. 
264 4 |a Londres, Inglaterra :  |b Routledge,  |c 2004, c2004 
300 |a X, 134 p. 
336 |a texto  |b txt  |2 rdacontenido 
337 |a sin mediación  |b n  |2 rdamedio 
338 |a volumen  |b nc  |2 rdasoporte 
440 1 |a (Routledge New Works in Accounting History ;  |v 3) 
520 |a Compilación de ocho ensayos de uno de los principales teóricos de la contabilidad del siglo XX, Carl Thomas Devine. Los principales temas que aborda son los aspectos éticos de la profesión; la importancia de la hermenéutica y la deconstrucción para comprender la práctica contable; el análisis de la docencia de la contabilidad, en particular en el sistema universitario de Florida, donde ejerció el profesor Devine. El último texto ofrece una crítica a la aplicación de la teoría de la opción racional en la contabilidad. 
649 |a XX 
650 |a Valores 
650 |a Etica Profesional 
650 |a Contabilidad -  |x Estudio y Enseñanza 
650 |a Educación Superior -  |z Florida, EUA -  |x Historia 
650 |a Contabilidad -  |x Filosofía 
650 |a Responsabilidad 
650 |a Contabilidad -  |x Teoría 
650 |a Hermenéutica 
650 |a Comunicación -  |x Teoría 
650 |a Etica 
650 |a Ciencias Administrativas -  |x Teoría 
650 |a Etica en los Negocios 
650 |a Axiología 
910 |a Fondo General 
920 |a Impresos - Libros 
930 |a Colección General 
905 |a 101 
901 |a 0500125982  |b IT1  |c ACC  |u 20250521 
901 |a 0500126678  |b IT1  |c ACC  |u 20250521 
902 |a https://opac.biblio.iteso.mx/vufind/Record/000184738